MDQL
is popping MORE tags! Check the
thread
!
Quizzes
Events
Quiz Creation
Community
Videos
Private Events
Remove Ads
Sign In
Join for FREE
Feedback
Dark Mode
Quiz Categories
Sports
Geography
Music
Movies
Television
Just For Fun
Miscellaneous
History
Literature
Language
Science
Gaming
Entertainment
Religion
Holiday
For Kids
Quiz Lab
Recent
Popular Today
Quiz Kudos Today
Editor Picks
Curator Picks
Quizzes by...
Day
Popularity
Type
Ratings
Length
Year
Community
Subscriptions
Recent Discussions
Orange Saloon
Badges
Playlists
Quests
Create
Leaderboards
Showdown
Live 5
Trivia Bingo
Activity
Puzzle Library
Sporcle Events
Private Events
Virtual Trivia
Globe League
Become a Host
Pub Owners
SporcleCon
Opinionation
Our Games
Videos
Blog
Mobile Apps
Partnerships
Remove Ads and Go Orange
Feedback
Music
Pop Music
The Beatles
Song
Album
Lyrics
Bands
Singers
Artist
Clip
Rock
Rap
Classical
Billboard
Country Music
Kpop
Taylor Swift
Music
Pop Music
The Beatles
Song
Album
Lyrics
Bands
Singers
Artist
Clip
Rock
Rap
Classical
Billboard
Country Music
Kpop
Taylor Swift
Random Quiz
Search Sporcle
×
Quiz Lab
Quiz Lab
Music
Song
Type in answers that appear in a list
Type in answers that appear in a list
Classic
Best Score? Go Orange.
Guess the Migos Song by Lyrics Stats
Can you name the Guess the Migos Song by Lyrics?
By
chr1s_rd2
5m
15 Questions
618 Plays
618 Plays
618 Plays
Comments
Comments
Give Quiz Kudos
Give Quiz Kudos
-
- Ratings
hide this ad
Replay
Link that replays current quiz
Next Quiz
Link to next quiz in quiz playlist
You Got
0%
They Got
Avg Score
48%
Avg Friend Score
Upgrade to see
Score Distribution
Jump to the score distribution portion of the page
Score
0/15
Timer
05:00
0
Plays Today
Hint
Answer
% Correct
mama told me , not to say a word
Tshirt
88.7%
You a dork, never been a sport (dork, yeah) Pull up (woo, woo), jumpin' out the court (court, jump) Cotton candy (drink), my cup tastes like the fair (cotton) Straight up there (wh
Motorsport
78.3%
Dead Shot , AK make your head rock , red dot , retro Air Jord Deadstock
Slippery
77.8%
I get money , tunnel vision through my third eye
Stir Fry
68.2%
I think my back got scoliosis cause i swerve the lane
Walk it Talk it
65.3%
I walk in the club just to pipe it up I stand on this stage and I pipe it up Get a regular ho tell her pipe it up Go buy a bando then I pipe it up
Pipe It Up
60.8%
When I take drugs I go to the moon
Cocoon
49.4%
Droppin' them bangers, bangers, bangers Double cup stuffed full Texas Ranger One in the chamber I shoot a hundred round clip like Wilt Chamberlain
Deadz
44.6%
Hint
Answer
% Correct
Aw man, whip up the white, Wendy Pick up the pipe, and she get no penny (nope) Rockstar livin' life, Lenny You can do better, never settle Keep a Beretta, case of the pressure (brr
Get Right Witcha
41.2%
Up early in the morning, trapping ,You can get 'em while you asking (ask) How many chickens? You can get 'em whichever way
Call Casting
38.7%
No key push button , start my ride , two piece chicken wing without the fries
Kelly price
37.3%
Searchin' for the bag and the prize , On a mission lookin' for them bad guys
Danger
30%
I'mma need a con with no flaw , Lookin' at my diamonds no flaws, Wanna go to war we can fight for Geico ,All I gotta do is make one call
Night Call
21.7%
Pocket rocket, go go gadget , I make a play, Madden (John) I know it was some speculation 'bout who the one But we invented the dabbin' **** it, we just let 'em have it
Peek a Boo
17.8%
I remember taking chicken nuggets from McDonalds I remember mama said get up, go get that money
Struggle
6.8%
Quiz Playlist
Details
Report
Send in Message
Add To Playlist
Classic:
Type in answers that appear in a list
Last Updated: Nov 30, 2018
Quiz Scoreboard
CHALLENGE
Sign Up to Join the Scoreboard
Show All
Scores
Hide
Comments
May contain spoilers
Recently Published
5x2 Blitz: Bands
by SL_Kpop136
Music
30s
Colored Red Africa Blitz
by spor1
Geography
30s
Find the 'City' Movie
by crazypaving
Movies
60s
More to Explore
Quiz From the Vault
Featured Blog Post
14 Easter Pick-up Lines to Find Eggs With
hide this ad
You Might Also Like...
Tags
Song Quiz
mio
Today's Top Quizzes in Music
Browse Music
hide this ad
Today's Top Quizzes in Song
Browse Song
Top Contributed Quizzes in Music
1
5X2 Blitz: Bands II
2
Taylor Swift All Songs (2024)
3
Taylor Swift Logic Puzzle II
4
5X2 Blitz: The Beatles
5
5X2 Blitz: Billboard
6
Taylor Swift Logic Puzzle
7
5X2 Blitz: Billboard II
8
5X2 Blitz: Album
9
5X2 Blitz: Singers
10
Music Artist by Three 2010s hits
Explore More
Trending Topics
Harry Potter
Anime
NBA
Kpop
Marvel
Crossword
Disney
NFL
Soccer
Pokémon
The Office
Song
WWE
Country
Puzzle
hide this ad
More By:
chr1s_rd2
Quiz
Plays
Rating
Category
Featured
Created
Guess the Migos Song by Lyrics
618
5.00
Music
Nov 30, 2018
Go to Creator's Profile
Score Distribution
Quiz Creator Spotlight
chr1s_rd2
Follow
Send a Message
Quizzes Created
-
Created Quiz Play Count
-
More By This Creator
Popular Quizzes Today
1
Colored Red Africa Blitz
2
Find the 'City' Movie
3
Find the US States - No Outlines Minefield
4
5x2 Blitz: Bands
5
The Countries of the World
6
Find the US States
7
US States
8
9x9 Crossword: Cartoon Network
More Music Quizzes
Around the World Clicky-oke
Published
Trending Quizzes
Colored Red Europe Blitz I
Colored Red Europe Blitz II
Colored Red Africa Blitz II
Colored Red Europe Blitz III
Colored Red Africa Blitz III
Recently Updated
How Do You Spell That?
pecheneg
Godzilla Movies
pecheneg
Grab Bag: 4-10 Letters
pecheneg
2024 March Madness Bracket
pecheneg
Famous TV Couples
Peacemaker
Champions League XIs: Real Madrid
pecheneg
Largest US Cities 1790-2010
pecheneg
Rides in Walt Disney World
pecheneg
Most Oscar Losses (Acting)
pecheneg
Beyoncé Albums
pecheneg
Trending Topics
Crossword
Harry Potter
Anime
Disney
Marvel
NBA
Kpop
Song
Puzzle
Pokémon
NFL
Soccer
The Office
WWE
Country
Your Account Isn't Verified!
In order to create a playlist on Sporcle, you need to verify the email address you used during registration. Go to your
Sporcle Settings
to finish the process.
Report this User
Report this user for behavior that violates our
Community Guidelines
.
Details:
Send Report
Go to the Sporcle.com Mobile Site →
Comments